00377cam a2200157ua 4500020001300000041001000013082002000023100003100043245005000074260003900124300001200163365001300175504000500188942000700193999001900200 cRs.10.50 aengh a330.954bBHA/TH aR.N. Bhargava, Bhargava . aTheory and working of union finance in India  a : bChaitanya pub house , c1965. a311 ; . aRs.10.50 a cBK c338648d338648